Highway slaughter. Bodies of 35 dismembered (Record no. 45144)
[ view plain ]
| 000 -LEADER | |
|---|---|
| fixed length control field | 00331 a2200109 4500 |
| 100 ## - MAIN ENTRY--AUTHOR NAME | |
| Personal name | FRIMPONG, Enoch Darfah |
| 245 ## - TITLE STATEMENT | |
| Title | Highway slaughter. Bodies of 35 dismembered |
| 300 ## - PHYSICAL DESCRIPTION | |
| Number of Pages | Saturday June 3, 2023 Page 09. |
| 650 ## - SUBJECT ADDED ENTRY--TOPICAL TERM | |
| Topical Term | Road Accident |
| 773 0# - HOST ITEM ENTRY | |
| International Standard Serial Number | 0855-1529 |
| Title | Daily Graphic |
| Place, publisher, and date of publication | Accra Daily Graphic 2023 |
| 942 ## - ADDED ENTRY ELEMENTS (KOHA) | |
| Koha item type | Periodicals |
| Not for loan | Collection code | Home library | Current library | Date acquired | Copy number | Koha item type |
|---|---|---|---|---|---|---|
| Not For Loan | Periodical Library | Periodicals Library | Periodicals Library | 07/10/2023 | 1 | Periodicals |